|
|
|
|
| LEADER |
00695nam a22001817a 4500 |
| 005 |
20160820112659.0 |
| 008 |
091204t xxu||||| |||| 00| 0 eng d |
| 082 |
|
|
|a (042.3)336.748.12
|b FUJ
|
| 100 |
|
|
|a Fujino,Shozaburo
|9 6681
|
| 245 |
|
|
|a Neo-Keynesian theory of inflation and economic growth
|
| 300 |
|
|
|a 96p.
|
| 490 |
|
|
|a Lecture notes in economics and mathematical systems
|v 104
|
| 653 |
|
|
|a neo-Keynesian theory - lectures
|a economic growth - lectures
|
| 942 |
|
|
|c BK
|6 _
|
| 260 |
|
|
|a Berlin
|b Springer - Verlag
|c 1972
|
| 020 |
|
|
|a 354006964X
|
| 999 |
|
|
|c 174460
|d 174460
|
| 952 |
|
|
|0 0
|1 0
|2 ddc
|4 0
|6 042333674812_FUJ
|7 0
|9 226059
|a DAE
|b DAE
|d 2009-12-04
|o (042.3)336.748.12 FUJ
|p ECO00844
|r 2016-08-20
|w 2016-08-20
|y BK
|